Flowers - Statistics

General Stats
  • This quiz has been taken 180 times
  • The average score is 7 of 16
Answer Stats
Picture Answer % Correct
Rose
100%
Sunflower
98%
Tulip
96%
Lily
82%
Orchid
74%
Hydrangea
65%
Daffodil
57%
Iris
45%
Crysanthemum
23%
Calla lily
21%
Carnations
16%
Peonies
16%
Anemone
8%
Dhalia
6%
Common Daisy
5%
Azalea
2%
No matching quizzes found
Score Distribution
Percent of People with Each Score
Percentile by Number Answered
Your Score History
You have not taken this quiz